Library of the University of Algiers 3
Ibrahim Sultan Cheibout
شعار جامعة الجزائر 3
مكتبة جامعة الجزائر 3
إبراهيم سلطان شيبوط

محاضرات في التسويق الفندقي مع دراسة حالات تطبيقية محلولة / (رقم التسجيلة. 41336)

تفاصيل مارك
000 -LEADER
fixed length control field 01843nam a2200229Ia 4500
003 - CONTROL NUMBER IDENTIFIER
control field Ost
005 - DATE AND TIME OF LATEST TRANSACTION
control field 20260416102359.0
008 - FIXED-LENGTH DATA ELEMENTS--GENERAL INFORMATION
fixed length control field 260416s9999||||xx |||||||||||||| ||und||
040 ## - CATALOGING SOURCE
Transcribing agency fsecg
041 ## - LANGUAGE CODE
Language code of text/sound track or separate title ara
082 ## - DEWEY DECIMAL CLASSIFICATION NUMBER
Classification number 658.8
100 ## - MAIN ENTRY--PERSONAL NAME
Personal name جنادي، كريم
Relator term مؤلف
245 #0 - TITLE STATEMENT
Title محاضرات في التسويق الفندقي مع دراسة حالات تطبيقية محلولة /
Statement of responsibility, etc. كريم جنادي
260 ## - PUBLICATION, DISTRIBUTION, ETC.
Place of publication, distribution, etc. الجزائر
Name of publisher, distributor, etc. جامعة الجزائر3: كلية العلوم الإقتصادية، العلوم التجارية وعلوم التسيير
Date of publication, distribution, etc. 2022
300 ## - PHYSICAL DESCRIPTION
Extent 153 ورقة
Other physical details ايضاحات
Dimensions 12 سم
504 ## - BIBLIOGRAPHY, ETC. NOTE
Bibliography, etc. note المراجع
520 ## - SUMMARY, ETC.
Summary, etc. التطور التاريخي لاصل و جذور الصناعة الفندقية،مبررات اعتناء مسئولي التسويق الفندقي بالنزلاء،مسؤولية الادارة التسويقية في المؤسسات الفندقية،سلوك الزبون الفندقي اتجاه الخدمة المعروضة،البيئة التسويقية للخدمات الفندقية،إستراتيجيات التسويق الفندقي،تنظيم وتصميم وظيفة التسويق الفندقي،القوى البيعية الفندقية،ادارة جودة الخدمة الفندقية استراتيجيا و تكتيكيا،المزيج التسويقي الفندقي المطوَر،التموضع السوقي للخدمة ضمن منظور تنافسي،الاتجاهات الحديثة للتسويق الفندقي في ظل تنافسية السوق و العالمية.
653 ## - INDEX TERM--UNCONTROLLED
Uncontrolled term التسويق
653 ## - INDEX TERM--UNCONTROLLED
Uncontrolled term الفنادق
710 ## - ADDED ENTRY--CORPORATE NAME
Corporate name or jurisdiction name as entry element جامعة الجزائر3: كلية العلوم الإقتصادية، العلوم التجارية وعلوم التسيير
Relator term ناشر علمي
942 ## - ADDED ENTRY ELEMENTS (KOHA)
Koha item type مطبوعات
المقتنيات
Withdrawn status Lost status Source of classification or shelving scheme Damaged status Not for loan Home library Current library Date acquired Serial enumeration / chronology Inventory number Total checkouts Full call number Barcode Date last seen Price effective from Koha item type
    Dewey Decimal Classification   NOT LOAN / إعارة داخلية مكتبة كلية العلوم الإقتصادية والعلوم التجارية وعلوم التسيير مكتبة كلية العلوم الإقتصادية والعلوم التجارية وعلوم التسيير 16/04/2026 الطابق الثاني مط.592-1   مط.592 ن1 مط.592-1 16/04/2026 16/04/2026 مطبوعات

موارد الويب المفتوحة


© University of Algiers 3 All Rights Reserved
|
Implemented by LECHELAH Riad